Luật phổ biến, giáo dục pháp luật

Guardat en:
Dades bibliogràfiques
Autor corporatiu: Việt Nam(Cộng Hòa Xã Hội Chủ Nghĩa )
Format: Llibre
Idioma:Vietnamese
Publicat: 2012
Matèries:
Etiquetes: Afegir etiqueta
Sense etiquetes, Sigues el primer a etiquetar aquest registre!
Thư viện lưu trữ: Trung tâm Học liệu Lê Vũ Hùng, Trường Đại học Đồng Tháp
LEADER 00879aam a22002658a 4500
001 00037220
005 20171026081025.0
008 170510s2012 ||||||viesd
041 0 # |a vie 
082 1 4 |a 342.597  |b L504PH 
110 1 # |a Việt Nam(Cộng Hòa Xã Hội Chủ Nghĩa ) 
245 1 0 |a Luật phổ biến, giáo dục pháp luật 
260 # # |c 2012 
300 # # |a 10 tr.  |c 29 cm. 
650 # 4 |x Văn bản pháp qui  |z Việt Nam 
653 # # |a Giáo dục 
653 # # |a Phổ biến 
653 # # |a Pháp luật 
852 # # |b Kho mượn  |j KM.0021236, KM.0021237, KM.0021238, KM.0021239 
852 # # |j KD.0020035  |j KM.0021236  |j KM.0021237  |j KM.0021239  |j KM.0021238 
852 # # |b Kho đọc  |j KD.0020035 
910 |d 10/05/2017 
980 # # |a Trung tâm Học liệu Lê Vũ Hùng, Trường Đại học Đồng Tháp